| 000 | 00427pab a2200169 454500 | ||
|---|---|---|---|
| 008 | 180718b1998 xxu||||| |||| 00| 0 eng d | ||
| 100 | _aDuquenne, Vincent | ||
| 245 | _aComparison of duel orderings in time | ||
| 260 | _c1998 | ||
| 300 | _ap.227-53 | ||
| 650 | _aOrganizations | ||
| 650 | _aSocial sciences | ||
| 700 | _aPape, Annick Le | ||
| 700 | _aMohar, John | ||
| 773 | _aSocial Science Information | ||
| 909 | _a39019 | ||
| 999 |
_c39019 _d39019 |
||